Normal view MARC view

Entry Corporate Name

Number of records used in: 1

001 - CONTROL NUMBER

  • control field: 139920

003 - CONTROL NUMBER IDENTIFIER

  • control field: OSt

005 - DATE AND TIME OF LATEST TRANSACTION

  • control field: 20220918221304.0

008 - FIXED-LENGTH DATA ELEMENTS

  • fixed length control field: 220918|| aca||aabn | a|a d

040 ## - CATALOGING SOURCE

  • Original cataloging agency: OSt
  • Transcribing agency: OSt

110 ## - HEADING--CORPORATE NAME

  • Corporate name or jurisdiction name as entry element: International Conference On The Role And Place Of Music In The Education Of Youth And Adults. 1953 (Brussels)

670 ## - SOURCE DATA FOUND

  • Source citation: Work cat.: (OSt)271860: International Conference On The Role And Place Of Music In The Education Of Youth And Adults. 1953 (Brussels), Music in education, 1955
Copyright @ Delhi University Library System